• 首页
  • 本馆介绍
  • 公告通知
  • 最新文献
  • 馆藏检索
  • 电子资源
  • 读者导购
  • 参考咨询
  • 我的图书馆
  • 登录
  • 详细信息显示
  • 放入我的书架
  • 预约/预借图书
  • 作者相关作品
  • 分类相关作品
  • 丛书相关作品
  • 出版社相关作品

书目信息

  • 表格格式
  • 工作单格式
  • 卡片格式
题名:
中国工程师手册
    
 
作者: 中国电机工程师学会 编
分册: 上  
出版信息: 不详   不详  
页数: 一册
开本: 20cm
丛书名:
单 册:
中图分类: T-62
科图分类:
主题词: 工程技术人员--手册 , 工程技术手册
电子资源:
ISBN:
000 00644nam0 2200217 45
001 0312221749
005 20040922145654.8
010    @dCNY7.85
100    @a20031222d km y0chiy0120 ea
101    @achi
105    @a z 000yy
200 1  @a中国工程师手册@e电机类@h上@EDian Ji Lei@AZhong Guo Gong Cheng Shi Shou Ce@f中国电机工程师学会编@FZhong Guo Dian Ji Gong Cheng Shi Xue Hui Bian
210    @a不详@c不详
215    @a一册@d20cm
517    @a电机类@ADian Ji Lei
606 0  @a工程技术人员@x手册
606 0  @a工程技术手册
690    @aT-62@v3
701 0  @a中国电机工程师学会@4编
801    @aCN@bTSTCL@c20031222
905    @dT-62@e50:1
    
    中国工程师手册:电机类.上/中国电机工程师学会编.-不详:不详
    一册;20cm
    
    
    ISBN :CNY7.85
    
●
相关链接 在E读中查询图书 在五车中查询图书 在当当中查询图书 在豆瓣中查询图书


正题名:中国工程师手册     索取号:T-62/50:1         预约/预借

序号 登录号 条形码 馆藏地/架位号 状态 备注
1 0203183   000558435   密集书库/ [索取号:T-62/50:1] 在馆    
2 0203184   000559112   工具书阅览室/ [索取号:T-62/50:1] 在馆    
3 0203185   000559121   第二样本阅览室/ [索取号:T-62/50:1] 在馆    
唐山师范学院图书馆 欢迎您!
大连网信软件有限公司© 版权所有